Loading...

The History of Herodotus The History of Peloponnesian War Thucydides

Bibliografiske detaljer
Hovedforfatter: Herodotus
Format: Printed Book
Udgivet: Chicago; William Benton; 1952
Fag:
LEADER 00516nam a22001337a 4500
082 |a 030  |b HER/H J2 Vol-6 
100 |a Herodotus   |9 237838 
245 |a The History of Herodotus The History of Peloponnesian War Thucydides  
260 |a Chicago;  |b William Benton;  |c 1952 
300 |a 616p. 
650 |a English; Encyclopedia  |9 319804 
942 |c BK 
999 |c 70710  |d 70710 
952 |0 0  |1 0  |4 0  |6 030_000000000000000_HER_H_J2_VOL6  |7 0  |8 Ency  |9 83666  |a MAL  |b MAL  |d 2016-12-22  |e 15382  |l 0  |o 030 HER/H J2 Vol-6  |p MAL015382  |r 2016-12-22  |t 1  |w 2016-12-22  |y BK